Answers are house items - Statistics

General Stats
  • This quiz has been taken 22 times
  • The average score is 9 of 15
Answer Stats
Hint Answer % Correct
When Titanic hit the iceberg it started to what? (S,4) Sink
100%
This is equivalent to 0.9144 meters (Y,4) Yard
94%
A form of electronic piano (K,8) Keyboard
81%
UK city, south east of Bristol (B,4) Bath
75%
What you typically plants flowers in (B,3) Bed
69%
A person who makes lines on paper (D,6) Drawer
69%
A form of electromagnetic radiation used in radar and to heat (M,9) Microwave
69%
What a rail sits in on railways (C,5) Chair
56%
In the UK, Canada and other commonwealth countries this refers to the committee of senior government. (C,7) Cabinet
50%
A type of corn found at Halloween, ____corn (K,6) Kettle
50%
When a dog looses its hair, it has what?(S,4) Shed
50%
A light drizzle or rain is also known as what? (S,5) Shower
44%
A government department to hold and distribute data (B,6) Bureau
38%
To speed up a component of a computer is to over___ (C,5) Clock
31%
To look at or record something over a period of time. (M,7) Monitor
25%
No matching quizzes found
Score Distribution
Percent of People with Each Score
Percentile by Number Answered
Your Score History
You have not taken this quiz